00000000cam 2200000zi 4500
0019.963337
003CaOODSP
00520260605094856
006m     o  d f      
007cr |n|||||||||
008260605e198404  oncd    obs  f000 0 fre d
040 |aCaOODSP|bfre|erda|cCaOODSP
043 |an-cn---
0861 |aJS42-128/1984F-PDF
24502|aL'incarcération de longue durée au Canada. |nDocument de travail no 1: |pdétenus purgeant une peine de longue durée et propositions sur l'orientation des prochaines recherches.
264 1|a[Ottawa] : |bSolliciteur général Canada = Solicitor General Canada, |cavril 1984.
300 |a1 ressource en ligne (ix, 55 pages) : |bgraphique
336 |atexte|btxt|2rdacontent/fre
337 |ainformatique|bc|2rdamedia/fre
338 |aressource en ligne|bcr|2rdacarrier/fre
500 |aÉdition numérisée de l'imprimé [par Sécurité publique Canada].
500 |aPublié aussi en anglais sous le titre : Long term imprisonment in Canada. Working paper no. 1: an overview of the long term prisoner population and suggested directions for further research.
504 |aComprend des références bibliographiques (pages 51-55).
650 6|aPrisonniers|zCanada|vStatistiques.
650 6|aEmprisonnement|zCanada|vStatistiques.
655 7|aStatistiques|2rvmgf
7101 |aCanada. |bSolliciteur général Canada, |eorganisme de publication.
77508|tLong term imprisonment in Canada. |w(CaOODSP)9.958307
85640|qPDF|s781 Ko|uhttps://publications.gc.ca/collections/collection_2026/sp-ps/js42/JS42-128-1984-fra.pdf